00528nam a22001577a 450000500170000001000150001702000260003203500140005808200140007224501010008625000060018726000460019327000840023930000270032350000200035020240813121036.0 aENG-141330 c645.00a9789351432029 aEN-124862 a345.5423 aThe Indian penal code,1860:bThe Code of Criminal Procedure, 1973 The Indian Evidence Act, 1872/ a3 aGurgaon bUniversal Law Publishing c2014 a14th Floor, Building No.10, Tower-B, DLF Cyber City, Phase-IIbGurgaon e122002 alxxii,674p.c19cm(pbk) aIncludes index